| 000 | 00930pab a2200181 454500 | ||
|---|---|---|---|
| 008 | 180718b2008 xxu||||| |||| 00| 0 eng d | ||
| 100 | _aZaidi, S. Akbar | ||
| 245 | _aSocial and structural transformations in Pakistan | ||
| 260 | _c2008 | ||
| 300 | _ap.10-17. | ||
| 362 | _a17 May | ||
| 520 | _aStructural developments over the last decade in Pakistan have resulted in numerous substantive transformations, which have altered social relations and societal structures. There are many reasons for this change such as capital inflows, globalisation, the media boom and trends in women's education. There is a need to interpret and further explore such developments to examine and understand what, if anything, they mean for political transitions and transformations. - Reproduced. | ||
| 650 | _aSocial change - Pakistan | ||
| 650 | _aSocial change | ||
| 773 | _aEconomic and Political Weekly | ||
| 908 | _aN | ||
| 909 | _a78182 | ||
| 999 |
_c78182 _d78182 |
||